000 01142nam0a22002531 4500
001 rc\12254
005 20230110162406.0
035 _a(NLR Aleph) 005301047
090 _a6289429
_c6289429
100 _a20021204d1996 u |0rusy50 ca
101 0 _arus
102 _aRU
105 _ay |||||||||
200 1 _aВОПРОСЫ организации медико-санитарного обеспечения в органах внутренних дел
_eСб. ст.
_fМВД Рос. Федерации. Респ. ин-т повышения квалификации работников МВД России
_g[Сост. Кулик С.А., доц.]
210 _aДомодедово
_cРИПК МВД России
_d1996
215 _a52 с.
_d21
702 1 _aКулик
_bС. А.
_4220
712 0 1 _aРоссийская Федерация
_bМинистерство внутренних дел
_bИнститут повышения квалификации
_cДомодедово
_3RU\NLR\AUTH\883899
_4570
801 0 _aRU
_bNLR
_gpsbo
801 1 _aRU
_bELAR
_2rusmarc
852 _aNLR
_j96-4/16620
942 _cBOOK
980 _aNB